000 00378nam a2200133 4500
005 20260530113903.0
100 1 _aLuis Vargas Et Alt
_932537
245 1 0 _aDatos antropométricos para el Diseño de Mobiliario Escolar
264 1 _bINAH Antropología
_c1970
300 _a24 páginas
336 _atexto
_2rdacontent
337 _asin medio
_2rdamedia
338 _avolumen
_2rdacarrier
999 _c11860
_d11860